[Event "AUTO-OPEN-4645"]
[Site "http://www.queenalice.com/game.php?id=1871124"]
[Date "2026.3.28"]
[Round "1"]
[White "peonaislado"]
[Black "game"]
[Result "1-0"]
[WhiteElo "1747"]
[BlackElo "1656"]

1. d4 c6 2. e4 b5 3. c4 d5 4. cxd5 Nf6 5. e5 Nxd5 6. Nf3 Bb7 7. Nc3 Nxc3 8. bxc3
e6 9. Bd3 b4 10. Rb1 Be7 11. cxb4 Qb6 12. O-O Nd7 13. Bg5 f5 14. Bxe7 Kxe7 15.
a4 Rhf8 16. a5 Qc7 17. Qc2 a6 18. Bc4 h5 19. Nh4 g5 20. Ng6+ Kf7 21. Nxf8 Nxf8
22. Qxf5+ Ke8 23. Bxe6 Qe7 24. f4 Nxe6 25. Qg6+ Kd7 26. Qxh5 Nxd4 27. Qg4+ Kc7
28. fxg5 Qxe5 29. Rf7+ Kd6 30. Qd7# 1-0

[Event "AUTO-OPEN-4645"]
[Site "http://www.queenalice.com/game.php?id=1871125"]
[Date "2026.3.28"]
[Round "1"]
[White "game"]
[Black "peonaislado"]
[Result "0-1"]
[WhiteElo "1642"]
[BlackElo "1764"]

1. d4 d5 2. Nf3 Nf6 3. Nc3 e6 4. Bf4 Bb4 5. Qd3 Nc6 6. O-O-O O-O 7. Ng5 h6 8.
Nh3 a6 9. Qg3 Bxc3 10. bxc3 Ne4 11. Qg4 e5 12. Qf3 exf4 13. Nxf4 b5 14. e3 Nxc3
15. Rd2 Nxa2+ 16. Kd1 Nc3+ 17. Kc1 b4 18. Bd3 a5 19. Ne2 Na2+ 20. Kb2 Nc3 21.
Kc1 Ba6 22. Nf4 Bxd3 23. Rxd3 a4 24. Qg3 Qg5 25. Qxg5 hxg5 26. Nh5 a3 27. Kd2 a2
28. Ra1 Rfb8 29. Ng3 Nb1+ 30. Kc1 Nc3 31. Rd2 b3 32. cxb3 Rxb3 33. Kc2 Raa3 34.
Ne2 Nb4+ 35. Kc1 Rb1+ 36. Rxb1 axb1=Q# 0-1

[Event "AUTO-OPEN-4648"]
[Site "http://www.queenalice.com/game.php?id=1872000"]
[Date "2026.4.15"]
[Round "1"]
[White "game"]
[Black "peonaislado"]
[Result "0-1"]
[WhiteElo "1552"]
[BlackElo "1755"]

1. e4 c5 2. Bc4 e6 3. Nf3 Nc6 4. d3 Nf6 5. Nc3 Be7 6. O-O O-O 7. Ng5 h6 8. Nh3
a6 9. Qf3 Ne5 10. Qg3 Ng6 11. f4 Qc7 12. f5 Bd6 13. Nf4 Bxf4 14. Bxf4 Nxf4 15.
Rxf4 Nh5 16. Nd5 exd5 17. Qe3 Nxf4 18. Bb3 d4 19. Qd2 b5 20. Rf1 Nh5 21. Bd5 Bb7
22. c4 Bxd5 23. exd5 Nf6 24. Rf4 Rfe8 25. Rh4 b4 26. a3 bxa3 27. bxa3 d6 28. Qf4
Qd7 29. Rh3 Rab8 30. Rg3 Rb1+ 31. Kf2 Nh5 32. Rxg7+ Nxg7 33. f6 Qf5 0-1

[Event "AUTO-OPEN-4648"]
[Site "http://www.queenalice.com/game.php?id=1872001"]
[Date "2026.4.15"]
[Round "1"]
[White "peonaislado"]
[Black "game"]
[Result "1-0"]
[WhiteElo "1769"]
[BlackElo "1598"]

1. d4 d5 2. c4 e6 3. Nf3 dxc4 4. e4 Nc6 5. Nc3 Bb4 6. Bxc4 Nf6 7. O-O O-O 8. h3
Bd7 9. a3 Bd6 10. e5 Bxe5 11. dxe5 Nh5 12. Re1 Na5 13. Bg5 f6 14. Bxe6+ Bxe6 15.
exf6 Qxd1 16. Raxd1 Bb3 17. Rd7 Nxf6 18. Rxc7 Rab8 19. Bxf6 Rxf6 20. Ree7 Bf7
21. b4 Nb3 22. Ng5 Nd4 23. Nxf7 Rf8 24. Nh6+ Rxh6 25. Rxg7+ Kh8 26. Rxb7 Nf5 27.
Rgd7 Rg6 28. Rxa7 Rfg8 29. Rxh7# 1-0

[Event "AUTO-OPEN-4648"]
[Site "http://www.queenalice.com/game.php?id=1872012"]
[Date "2026.4.15"]
[Round "1"]
[White "rmvwoods"]
[Black "peonaislado"]
[Result "1-0"]
[WhiteElo "2018"]
[BlackElo "1775"]

1. e4 e5 2. Nf3 Nc6 3. Bb5 a6 4. Bxc6 dxc6 5. O-O Nf6 6. d3 Be7 7. Nxe5 Bg4 8.
Nxg4 Nxg4 9. Qxg4 O-O 10. Bh6 Qd4 11. Nc3 b5 12. Be3 Qd6 13. Bf4 Qg6 14. Qxg6
fxg6 15. Bxc7 1-0

[Event "AUTO-OPEN-4652"]
[Site "http://www.queenalice.com/game.php?id=1873429"]
[Date "2026.5.15"]
[Round "1"]
[White "peonaislado"]
[Black "Pin"]
[Result "1/2-1/2"]
[WhiteElo "1770"]
[BlackElo "2095"]

1. d4 Nf6 2. Nf3 g6 3. Nc3 d5 4. Bd2 Bg7 5. e3 O-O 6. Bd3 b6 7. O-O Bb7 8. Re1
Nbd7 9. Kh1 c5 10. dxc5 Nxc5 11. Bb5 a6 12. Be2 Rc8 13. Bd3 Nxd3 14. cxd3 b5 15.
h3 e6 16. e4 dxe4 17. dxe4 b4 18. e5 Nd5 19. Nxd5 Bxd5 20. Bxb4 Re8 21. Bd6 Bf8
22. Bxf8 Rxf8 23. a4 Qb6 24. Qe2 Rc7 25. a5 Qb7 26. Rec1 Rfc8 27. Rxc7 Rxc7 28.
Qd2 Kg7 29. b4 Bxf3 30. gxf3 Qxf3+ 31. Kh2 Qc3 32. Qxc3 Rxc3 33. Rb1 Rc2 34. Kg2
Re2 35. b5 axb5 36. Rxb5 Ra2 37. Kg3 Ra4 38. f4 Kf8 39. Kf3 1/2-1/2

[Event "AUTO-OPEN-4652"]
[Site "http://www.queenalice.com/game.php?id=1873430"]
[Date "2026.5.15"]
[Round "1"]
[White "Pin"]
[Black "peonaislado"]
[Result "1-0"]
[WhiteElo "2101"]
[BlackElo "1783"]

1. e4 c5 2. Nf3 Nf6 3. Nc3 d6 4. d4 cxd4 5. Qxd4 e5 6. Qd3 Nc6 7. Bg5 Be7 8.
O-O-O Be6 9. Bxf6 Bxf6 10. Qxd6 Qxd6 11. Rxd6 Rd8 12. Rxd8+ Kxd8 13. Bb5 Kc7 14.
Rd1 a6 15. Ba4 Nb4 16. Bb3 h6 17. Bxe6 fxe6 18. a3 Nc6 19. Ne2 g5 20. h3 h5 21.
Kb1 g4 22. hxg4 hxg4 23. Nfg1 Bh4 24. g3 Bg5 25. Nc1 Rh2 26. Nd3 Nd4 27. c3 Nc6
28. Ne2 a5 29. b4 a4 30. Rf1 b5 31. Nc5 Rh6 32. Nc1 Rh8 33. Nxe6+ Kb6 34. Nxg5
Rg8 35. Ne6 Rg6 36. Nc5 Rd6 37. Rh1 Rd2 38. N5d3 Ka6 39. Rh6 Kb6 40. Nxe5 Rxf2
41. Rxc6+ Kb7 42. Rg6 1-0

[Event "AUTO-OPEN-4652"]
[Site "http://www.queenalice.com/game.php?id=1873431"]
[Date "2026.5.15"]
[Round "1"]
[White "peonaislado"]
[Black "shmurtz91"]
[Result "1-0"]
[WhiteElo "1735"]
[BlackElo "1934"]

1. d4 Nf6 2. Nf3 c6 3. c4 e6 4. Nc3 d5 5. e3 Bb4 6. Bd2 O-O 7. Bd3 Qc7 8. cxd5
exd5 9. O-O Be6 10. a3 Bd6 11. Ne2 Nbd7 12. Nf4 Bxf4 13. exf4 h6 14. h3 Nb6 15.
f5 Bd7 16. Re1 Rfe8 17. Rxe8+ Rxe8 18. b3 Nc8 19. Qb1 Ne4 20. Bxe4 Rxe4 21. f6
Nd6 22. Qc1 Nf5 23. fxg7 Qd6 24. Bb4 Qg6 25. Ne5 Qe6 26. Bf8 Be8 27. Qc3 f6 28.
Ng4 Nxd4 29. Nxh6+ 1-0

[Event "AUTO-OPEN-4652"]
[Site "http://www.queenalice.com/game.php?id=1873432"]
[Date "2026.5.15"]
[Round "1"]
[White "shmurtz91"]
[Black "peonaislado"]
[Result "1-0"]
[WhiteElo "1920"]
[BlackElo "1733"]

1. e4 c5 2. Bc4 e6 3. d4 b6 4. Qf3 Nc6 5. c3 d6 6. Nh3 Nge7 7. Ng5 Bb7 8. Qxf7+
Kd7 9. Bxe6+ Kc7 10. Na3 a6 11. Bf4 b5 12. dxc5 h6 13. Bxd6+ Qxd6 14. cxd6+ Kb6
15. dxe7 Nxe7 16. Qh5 g6 17. Qh3 Nc6 18. Nf7 Rg8 19. Nd6 Bxd6 20. O-O Rge8 21.
Bd5 h5 22. c4 b4 23. c5+ Bxc5 24. Nc4+ Ka7 25. Rac1 Rad8 26. Qg3 a5 27. Nxa5
Nxa5 28. Rxc5 Kb6 29. Qc7+ 1-0

[Event "AUTO-OPEN-4653"]
[Site "http://www.queenalice.com/game.php?id=1873637"]
[Date "2026.5.21"]
[Round "1"]
[White "chessman"]
[Black "peonaislado"]
[Result "1-0"]
[WhiteElo "2038"]
[BlackElo "1780"]

1. e4 e5 2. Nf3 Nf6 3. Bc4 Bc5 4. d3 d6 5. O-O Nc6 6. h3 O-O 7. c3 Na5 8. Bb3
Nxb3 9. Qxb3 Be6 10. Qc2 Qd7 11. d4 exd4 12. cxd4 Bb6 13. Kh2 d5 14. e5 Ne4 15.
Nc3 Bxh3 16. gxh3 f5 17. Qd3 c5 18. dxc5 Bxc5 19. Qxd5+ Qxd5 20. Nxd5 Rad8 21.
Ne3 f4 22. Ng2 Bxf2 23. Bxf4 g5 24. Nxg5 Nxg5 25. Bxg5 Rde8 26. Bf6 Bd4 27. Rab1
Bxe5+ 28. Bxe5 Rxe5 29. Rxf8+ Kxf8 30. Kg3 Kg7 31. Nf4 Kf6 32. Rd1 Rg5+ 33. Kf3
Rf5 34. Rd7 h5 35. Rxb7 h4 36. Rxa7 1-0

[Event "AUTO-OPEN-4653"]
[Site "http://www.queenalice.com/game.php?id=1873638"]
[Date "2026.5.21"]
[Round "1"]
[White "peonaislado"]
[Black "chessman"]
[Result "0-1"]
[WhiteElo "1777"]
[BlackElo "2044"]

1. d4 d5 2. c4 c6 3. Nf3 Nf6 4. Nc3 e6 5. e3 Be7 6. Bd3 O-O 7. O-O Re8 8. h3
Nbd7 9. a3 Nf8 10. Ne2 a6 11. Nf4 Bd7 12. b4 Rc8 13. Bb2 h6 14. Re1 Bd6 15. c5
Bxf4 16. exf4 Qc7 17. Qd2 Re7 18. Ne5 Ne8 19. Nxd7 Nxd7 20. f5 e5 21. dxe5 Nxe5
22. Qc3 Nxd3 23. Qxd3 Qd7 24. Bc3 Nc7 25. Qd4 f6 26. Bd2 Rce8 27. Re3 Rxe3 28.
Bxe3 Nb5 29. Qg4 Kh8 30. a4 Nc7 31. Rd1 Qf7 32. Re1 Re4 33. Qf3 Rxb4 34. Ra1 Qe7
35. Kf1 Qe5 36. Kg1 Qxa1+ 0-1

[Event "AUTO-OPEN-4653"]
[Site "http://www.queenalice.com/game.php?id=1873658"]
[Date "2026.5.21"]
[Round "1"]
[White "peonaislado"]
[Black "game"]
[Result "1-0"]
[WhiteElo "1724"]
[BlackElo "1598"]

1. d4 d5 2. c4 dxc4 3. e4 b5 4. Nf3 c6 5. Be2 Nf6 6. e5 Ng4 7. Bg5 Qa5+ 8. Qd2
c3 9. bxc3 e6 10. a3 b4 11. cxb4 Qa4 12. Nc3 Qb3 13. O-O a5 14. Rfb1 Qxb1+ 15.
Rxb1 a4 16. Ne4 Be7 17. Bxe7 Kxe7 18. Qg5+ f6 19. Qxg7+ Kd8 20. Qxh8+ Kc7 21.
Qxh7+ Nd7 22. Rc1 fxe5 23. Nxe5 Nxe5 24. b5 Kb6 25. dxe5 Nxe5 26. bxc6 Nxc6 27.
Rb1+ Ka5 28. Qc7# 1-0